000 00506nam a2200181Ia 4500
005 20250326142609.0
008 250326s9999 xx 000 0 und d
037 _aTextbook
040 _aFMSL
_beng
_cFMSL
041 _aeng
_2eng
084 _aX8(A).44 M6
_qFMSL
100 _aAshraf S
_9745470
245 0 _aIndian Industry:Restructurning and Growth
_cAshraf S
260 _aDelhi
_bDelhi, Milttal Pub.
_c1986
300 _a100p
942 _cTB
_hX8(A).44 M6
999 _c1295759
_d1295759